| 000 | 00895cam a2200265 a 4500 | ||
|---|---|---|---|
| 001 | 16015417 | ||
| 005 | 20160218094103.0 | ||
| 008 | 091210s2011 nyua b 001 0 eng | ||
| 010 | _a 2009050026 | ||
| 020 | _a9780077349684 | ||
| 020 | _a0077349687 | ||
| 050 | 0 | 0 | _aGV 481 .F26 2011 |
| 100 | 1 |
_aFahey, Thomas D. _q(Thomas Davin), _d1947- |
|
| 245 | 1 | 0 |
_aFit & well : _bcore concepts and labs in physical fitness and wellness / _cThomas D. Fahey, Paul M. Insel, Walton T. Roth. |
| 246 | 3 | _aFit and well | |
| 250 | _a9th ed., alternate ed. | ||
| 260 |
_aNew York : _bMcGraw-Hill, _cc2011. |
||
| 300 |
_axix, 342, [49] p. : _bcol. ill. ; _c28 cm. |
||
| 504 | _aIncludes bibliographical references and index. | ||
| 650 | 0 | _aPhysical fitness. | |
| 650 | 0 | _aHealth. | |
| 700 | 1 | _aInsel, Paul M. | |
| 700 | 1 | _aRoth, Walton T. | |
| 942 |
_2lcc _cBOOKS _hGV 481 .F26 2011 |
||
| 999 |
_c10709 _d10709 |
||